000 00467nam a2200181Ia 4500
001 13430
005 20260306164800.0
008 260306t2003||||xx |||||||||||||| ||spa||
041 _aESP
082 _a004.16
_bA61
100 _aAngulo Usategui, José Ma.
_eAUT
245 0 _aArquitectura de microprocesadores:
_blos pentium a fondo
260 _c2003
300 _axviii, 440 páginas :
_c26 cm.
650 _aGEN
654 _aCCC
942 _cLIB
_dJUS
_fJUS
_2ddc
_n
999 _c13430
_d13430